<?xml version="1.0" encoding="UTF-8"?><record xmlns="http://www.loc.gov/MARC21/slim" xmlns:zs="http://docs.oasis-open.org/ns/search-ws/sruResponse">
  <leader>03262cas a2200637 i 4500</leader>
  <controlfield tag="001">18978623</controlfield>
  <controlfield tag="008">840314d18651900oruwr ne      0   a0eng c</controlfield>
  <controlfield tag="005">20250630031547.7</controlfield>
  <datafield ind1=" " ind2=" " tag="010">
    <subfield code="a">sn 84022644 </subfield>
  </datafield>
  <datafield ind1="0" ind2=" " tag="022">
    <subfield code="a">2470-9085</subfield>
    <subfield code="2">1</subfield>
  </datafield>
  <datafield ind1=" " ind2=" " tag="035">
    <subfield code="a">(OCoLC)10519187</subfield>
  </datafield>
  <datafield ind1=" " ind2=" " tag="040">
    <subfield code="a">NPX</subfield>
    <subfield code="b">eng</subfield>
    <subfield code="e">rda</subfield>
    <subfield code="c">NPX</subfield>
    <subfield code="d">NPU</subfield>
    <subfield code="d">CNK</subfield>
    <subfield code="d">OCN</subfield>
    <subfield code="d">OCLCQ</subfield>
    <subfield code="d">ORU</subfield>
    <subfield code="d">OCLCQ</subfield>
    <subfield code="d">OCLCF</subfield>
    <subfield code="d">OCLCO</subfield>
    <subfield code="d">DLC</subfield>
    <subfield code="d">ORU</subfield>
    <subfield code="d">OCLCQ</subfield>
    <subfield code="d">ORU</subfield>
    <subfield code="d">DLC</subfield>
    <subfield code="d">ORU</subfield>
    <subfield code="d">AQM</subfield>
    <subfield code="d">OCLCL</subfield>
    <subfield code="d">ORU</subfield>
    <subfield code="d">OCLCL</subfield>
  </datafield>
  <datafield ind1=" " ind2=" " tag="042">
    <subfield code="a">pcc</subfield>
    <subfield code="a">nsdp</subfield>
  </datafield>
  <datafield ind1=" " ind2=" " tag="043">
    <subfield code="a">n-us-or</subfield>
  </datafield>
  <datafield ind1="0" ind2="0" tag="050">
    <subfield code="a">Newspaper</subfield>
  </datafield>
  <datafield ind1="0" ind2="0" tag="082">
    <subfield code="a">071</subfield>
    <subfield code="2">23</subfield>
    <subfield code="1">https://id.oclc.org/worldcat/ddc/E4dfHGhx3CP9J6H88DhYHkwpGh</subfield>
  </datafield>
  <datafield ind1="0" ind2=" " tag="130">
    <subfield code="a">State rights democrat (Albany, Or.)</subfield>
  </datafield>
  <datafield ind1=" " ind2="4" tag="222">
    <subfield code="a">The state rights democrat</subfield>
    <subfield code="b">(Albany, Or. Print)</subfield>
  </datafield>
  <datafield ind1="1" ind2="4" tag="245">
    <subfield code="a">The state rights democrat.</subfield>
  </datafield>
  <datafield ind1="1" ind2=" " tag="246">
    <subfield code="i">Publication statements for 1887 June 24- have title:</subfield>
    <subfield code="a">Democrat</subfield>
  </datafield>
  <datafield ind1=" " ind2="1" tag="264">
    <subfield code="a">Albany, Linn County, Oregon :</subfield>
    <subfield code="b">Jas. O'Meara, Publisher and Editor,</subfield>
    <subfield code="c">1965-1900.</subfield>
  </datafield>
  <datafield ind1=" " ind2=" " tag="300">
    <subfield code="a">35 volumes ;</subfield>
    <subfield code="c">65 cm</subfield>
  </datafield>
  <datafield ind1=" " ind2=" " tag="310">
    <subfield code="a">Weekly</subfield>
  </datafield>
  <datafield ind1=" " ind2=" " tag="336">
    <subfield code="a">text</subfield>
    <subfield code="b">txt</subfield>
    <subfield code="2">rdacontent</subfield>
  </datafield>
  <datafield ind1=" " ind2=" " tag="337">
    <subfield code="a">unmediated</subfield>
    <subfield code="b">n</subfield>
    <subfield code="2">rdamedia</subfield>
  </datafield>
  <datafield ind1=" " ind2=" " tag="338">
    <subfield code="a">volume</subfield>
    <subfield code="b">nc</subfield>
    <subfield code="2">rdacarrier</subfield>
  </datafield>
  <datafield ind1="1" ind2=" " tag="362">
    <subfield code="a">Began in August 1865</subfield>
    <subfield code="z">Cf. Turnbull, George S. History of Oregon newspapers.</subfield>
  </datafield>
  <datafield ind1="1" ind2=" " tag="362">
    <subfield code="a">Ceased with Vol 35, no. 37 (April 20, 1900).</subfield>
  </datafield>
  <datafield ind1=" " ind2=" " tag="500">
    <subfield code="a">"Oldest Democratic paper in Oregon."</subfield>
  </datafield>
  <datafield ind1=" " ind2=" " tag="500">
    <subfield code="a">Publisher varies.</subfield>
  </datafield>
  <datafield ind1=" " ind2=" " tag="530">
    <subfield code="a">Also issued on microfilm from University of Oregon.</subfield>
  </datafield>
  <datafield ind1=" " ind2=" " tag="530">
    <subfield code="a">Archived issues are available in digital format from the Library of Congress Chronicling America online collection.</subfield>
  </datafield>
  <datafield ind1=" " ind2=" " tag="530">
    <subfield code="a">Archived issues are available in digital format as part of the Historic Oregon Newspaper online collection.</subfield>
  </datafield>
  <datafield ind1=" " ind2=" " tag="580">
    <subfield code="a">Daily eds.: Albany evening democrat, 1875-1876, and: Daily Albany democrat, 1876, and: Daily evening Albany democrat, 1888, and: Albany daily democrat, 1888-1900.</subfield>
  </datafield>
  <datafield ind1="0" ind2=" " tag="588">
    <subfield code="a">Vol. 1, no. 2 (August 21, 1865); title from masthead.</subfield>
  </datafield>
  <datafield ind1="1" ind2=" " tag="588">
    <subfield code="a">Vol 35, no. 37 (April 20, 1900).</subfield>
  </datafield>
  <datafield ind1=" " ind2="0" tag="651">
    <subfield code="a">Albany (Or.)</subfield>
    <subfield code="v">Newspapers.</subfield>
  </datafield>
  <datafield ind1=" " ind2="7" tag="651">
    <subfield code="a">Oregon</subfield>
    <subfield code="z">Albany.</subfield>
    <subfield code="2">fast</subfield>
    <subfield code="0">(OCoLC)fst01209399</subfield>
  </datafield>
  <datafield ind1=" " ind2="7" tag="655">
    <subfield code="a">Newspapers.</subfield>
    <subfield code="2">fast</subfield>
    <subfield code="0">(OCoLC)fst01423814</subfield>
  </datafield>
  <datafield ind1=" " ind2="7" tag="655">
    <subfield code="a">Serial publications.</subfield>
    <subfield code="2">lcgft</subfield>
  </datafield>
  <datafield ind1=" " ind2="7" tag="655">
    <subfield code="a">Newspapers.</subfield>
    <subfield code="2">lcgft</subfield>
  </datafield>
  <datafield ind1=" " ind2="7" tag="655">
    <subfield code="a">Newspapers.</subfield>
    <subfield code="2">rbgenr</subfield>
  </datafield>
  <datafield ind1=" " ind2=" " tag="752">
    <subfield code="a">United States</subfield>
    <subfield code="b">Oregon</subfield>
    <subfield code="c">Linn</subfield>
    <subfield code="d">Albany.</subfield>
  </datafield>
  <datafield ind1="1" ind2=" " tag="775">
    <subfield code="t">Albany evening democrat</subfield>
    <subfield code="w">(DLC)sn 93051624</subfield>
    <subfield code="w">(OCoLC)29383128</subfield>
  </datafield>
  <datafield ind1="1" ind2=" " tag="775">
    <subfield code="t">Daily Albany democrat</subfield>
    <subfield code="w">(DLC)sn 93051625</subfield>
    <subfield code="w">(OCoLC)29383143</subfield>
  </datafield>
  <datafield ind1="1" ind2=" " tag="775">
    <subfield code="t">Daily evening Albany democrat</subfield>
    <subfield code="x">2996-7023</subfield>
    <subfield code="w">(DLC)sn 96088445</subfield>
    <subfield code="w">(OCoLC)36010851</subfield>
  </datafield>
  <datafield ind1="1" ind2=" " tag="775">
    <subfield code="t">Albany daily democrat</subfield>
    <subfield code="x">2996-6949</subfield>
    <subfield code="w">(DLC)sn 96088450</subfield>
    <subfield code="w">(OCoLC)36010874</subfield>
  </datafield>
  <datafield ind1="0" ind2="8" tag="776">
    <subfield code="i">Online version:</subfield>
    <subfield code="t">State rights democrat (Albany, Or.)</subfield>
    <subfield code="x">2470-9093</subfield>
    <subfield code="w">(DLC)  2015270872</subfield>
    <subfield code="w">(OCoLC)918942619</subfield>
  </datafield>
  <datafield ind1="0" ind2="0" tag="785">
    <subfield code="t">Albany democrat (Albany, Or. : 1900)</subfield>
    <subfield code="x">2996-6965</subfield>
    <subfield code="w">(DLC)sn 96088449</subfield>
    <subfield code="w">(OCoLC)36010836</subfield>
  </datafield>
  <datafield ind1="4" ind2="1" tag="859">
    <subfield code="u">http://bibpurl.oclc.org/web/97939</subfield>
    <subfield code="z">View at Historic Oregon Newspapers</subfield>
  </datafield>
  <datafield ind1="4" ind2="1" tag="859">
    <subfield code="u">https://oregonnews.uoregon.edu/lccn/sn84022644/</subfield>
    <subfield code="z">URL at time of PURL createion, Nov. 22, 2023</subfield>
  </datafield>
  <datafield ind1="4" ind2="1" tag="859">
    <subfield code="u">http://www.loc.gov/chroniclingamerica/lccn/sn84022644/issues</subfield>
    <subfield code="z">View at Chronicling America</subfield>
  </datafield>
  <datafield ind1=" " ind2=" " tag="906">
    <subfield code="a">7</subfield>
    <subfield code="b">cbc</subfield>
    <subfield code="c">sercoop</subfield>
    <subfield code="d">2</subfield>
    <subfield code="e">ncip</subfield>
    <subfield code="f">19</subfield>
    <subfield code="g">n-oclcserc</subfield>
  </datafield>
  <datafield ind1="0" ind2=" " tag="925">
    <subfield code="a">Acquire</subfield>
    <subfield code="b">1 shelf copy</subfield>
    <subfield code="x">policy default 2016-02-17</subfield>
  </datafield>
  <datafield ind1=" " ind2=" " tag="955">
    <subfield code="b">sr02 2016-02-17</subfield>
    <subfield code="k">sr02 2016-02-17</subfield>
  </datafield>
  <datafield ind1=" " ind2=" " tag="985">
    <subfield code="a">serpull/chronam</subfield>
    <subfield code="e">ndnp</subfield>
  </datafield>
</record>
